000 00516nam a2200181Ia 4500
008 151202s9999||||xx |||||||||||||| ||und||
082 _bPNVM-26438
100 _aकाकोडकर चंद्रकांत.
245 _aतापसी.
260 _b---
260 _c0
300 _a0
600 _aकाकोडकर चंद्रकांत.
630 _aतापसी.
700 _aकाकोडकर चंद्रकांत.
730 _aतापसी.
942 _cBOOK
999 _c1292407
_d1292404